000 00538nam a2200205Ia 4500
005 20250923150116.0
008 008 250917s9999 xx 000 0 eng d
037 _aTextual
040 _aDSWL
_beng
_cDSWL
041 _aeng
_2eng
084 _qDSWL
100 _aNEGI, S.S.
_9842334
245 0 _aEnvironmental degradation and crisis in India
_c by S.S.NEGI
260 _aNew Delhi
_b Indus Publication Co.
_c1991
300 _a344p.
365 _aINR
_b500
925 _g500
942 _cTEXL
999 _c1459649
_d1459649